00312nam a2200133Ia 45000010005000000080041000050200014000460820026000601000018000862450021001042600024001259010012001499990017001611509241024s9999 xx 000 0 und d a2305-2589 a[*SIN CLASIFICACION*] a[*SIN AUTOR*] 0aSaber y Justicia bImprenta La Unión a5/14/15 c12432d12432